000 00481nam a2200181Ia 4500
008 240925s9999 xx 000 0 und d
020 _a9971514176
082 _a621.395 UYE
100 _aUyemura, John P.
245 0 _aIntroduction to VLSI Circuits and Systems
250 _aNA
260 _aMuscat:
_bAl-Amarat Motaha
_c,2002.
300 _axxiv,880p.
_bN.A
_fOriginal
500 _aIncludes Index
600 _aElectronic Engineering
650 _aTechnology
942 _cBK
999 _c10688
_d10688